00454nam a2200169Ia 4500003000400000005001700004008004100021020001500062040001600077082001400093100001900107245004500126260004300171300002800214650001300242650002900255GCL20240530110924.0140319s1993 xxkaf f 000 0 eng d a0500092133 aGCL / cGCL04a759/bH T1 aHockney, David10aThat's the Way I See it /cDavid Hockney aLondon : bThames and Hudson، c1993. a248 p. :bill ;c30 cm.04aPainting04a MODERN PAINTING HISTORY